Uitkomsten op zoologisch, botanisch, oceanographisch en geologisch gebied verzameld in de Oost-Indische archipel 1899-1900 aan boord H.M. Siboga onder cammando van G. F. Tydeman /

Bibliographic Details
Corporate Author: Siboga Expedition
Other Authors: Weber, Max Wilhelm Carl, 1852-1937, Beaufort, L. F. de (Lieven Ferdinand de), 1879-1968
Format: Conference Proceeding Book
Language:Dutch
Published: Leiden : E.J. Brill, 1901-
Subjects:

MARC

Tag First Indicator Second Indicator Subfields
LEADER 00000cam a2200000 4500
001 in00000070881
005 20151008061940.0
008 800213m19019999ne abf 00010 dut d
035 |a (OCoLC)05981557 
035 |9 AAJ9199AM 
040 |a TXA  |c TXA  |d UtOrBLW 
049 |a TXAM  |v 1 [427379]  |v 2 [427380]  |v 3 [427381]  |v 4  |p 1-3 [1086292]  |v 4  |p 4 [1086291]  |v 5 [427382]  |v 6 [427383]  |v 7 [427384]  |v 8 [427385]  |v 9 [427386]  |v 10  |p 1-5 [1086295]  |v 11  |p 1-2 [1086297]  |v 12 [427387]  |v 13  |p 1-3 [1086038]  |p 13  |p 4-5 [1086298]  |v 14-15 [427388]  |v 16 [427389]  |v 17 [427390]  |v 18 [427391]  |v 19 [427392]  |v 20 [427393]  |v 21 [427394]  |v 22 [427395]  |v 23 [427396]  |v 24 [427397]  |v 25 [427398]  |v 26 [427399]  |v 27 [427400]  |v 28 [427401]  |v 29 [427402]  |v 30  |p 1-2 [1086300]  |v 30  |p 3-6 [1086301]  |v 31 [427403]  |v 32 [427404]  |v 33 [427405]  |v 34 [427406]  |v 35 [427407]  |v 36 [427408]  |v 37 [427409]  |v 38 [427410]  |v 39 [427411] 
090 |a Q115  |b .S56 
111 2 |a Siboga Expedition  |d (1899-1900) 
245 1 0 |a Uitkomsten op zoologisch, botanisch, oceanographisch en geologisch gebied verzameld in de Oost-Indische archipel 1899-1900 aan boord H.M. Siboga onder cammando van G. F. Tydeman /  |c Uitgegeven door Max Weber en L. F. de Beaufort met medewerking van de Maatschappij voor Wetenschappelijk Onderzoek in de Tropen. 
264 1 |a Leiden :  |b E.J. Brill,  |c 1901- 
300 |a volumes :  |b illustrations, maps, plates (part color) 
336 |a text  |b txt  |2 rdacontent 
337 |a unmediated  |b n  |2 rdamedia 
338 |a volume  |b nc  |2 rdacarrier 
500 |a Issued in parts. 
650 0 |a Scientific expeditions. 
650 0 |a Marine biology  |z Indonesia. 
700 1 |a Weber, Max Wilhelm Carl,  |d 1852-1937. 
700 1 |a Beaufort, L. F. de  |q (Lieven Ferdinand de),  |d 1879-1968. 
999 |a MARS 
999 f f |s 4db3652b-b986-3005-9956-46a69fc4c573  |i fefb1f3b-8d3b-3e2a-813d-57934aa063a8  |t 0 
952 f f |p ric  |a Texas A&M University  |b Rellis Campus  |c Joint Library Facility  |s JLF  |d Remote Storage  |t 0  |e Q115 .S56  |h Library of Congress classification  |i unmediated -- volume  |k v.14-v.15  |m A14804388059 
952 f f |p ric  |a Texas A&M University  |b Rellis Campus  |c Joint Library Facility  |s JLF  |d Remote Storage  |t 0  |e Q115 .S56  |h Library of Congress classification  |i unmediated -- volume  |k v.3  |m A14804387841 
952 f f |p ric  |a Texas A&M University  |b Rellis Campus  |c Joint Library Facility  |s JLF  |d Remote Storage  |t 0  |e Q115 .S56  |h Library of Congress classification  |i unmediated -- volume  |k v.30:pt.1  |m A14804388203 
952 f f |p normal  |a Texas A&M University  |b College Station  |c Sterling C. Evans Library  |s Evans stk  |d Evans: Library Stacks  |t 0  |e Q115 .S56  |h Library of Congress classification  |i unmediated -- volume  |k v.39  |m A14806198515 
952 f f |p ric  |a Texas A&M University  |b Rellis Campus  |c Joint Library Facility  |s JLF  |d Remote Storage  |t 0  |e Q115 .S56  |h Library of Congress classification  |i unmediated -- volume  |k v.7  |m A14804387914 
952 f f |p ric  |a Texas A&M University  |b Rellis Campus  |c Joint Library Facility  |s JLF  |d Remote Storage  |t 0  |e Q115 .S56  |h Library of Congress classification  |i unmediated -- volume  |k v.4:pt.4  |m A14804387883 
952 f f |p ric  |a Texas A&M University  |b Rellis Campus  |c Joint Library Facility  |s JLF  |d Remote Storage  |t 0  |e Q115 .S56  |h Library of Congress classification  |i unmediated -- volume  |k v.27  |m A14804388172 
952 f f |p ric  |a Texas A&M University  |b Rellis Campus  |c Joint Library Facility  |s JLF  |d Remote Storage  |t 0  |e Q115 .S56  |h Library of Congress classification  |i unmediated -- volume  |k v.33  |m A14804388261 
952 f f |p ric  |a Texas A&M University  |b Rellis Campus  |c Joint Library Facility  |s JLF  |d Remote Storage  |t 0  |e Q115 .S56  |h Library of Congress classification  |i unmediated -- volume  |k v.32  |m A14804388253 
952 f f |p ric  |a Texas A&M University  |b Rellis Campus  |c Joint Library Facility  |s JLF  |d Remote Storage  |t 0  |e Q115 .S56  |h Library of Congress classification  |i unmediated -- volume  |k v.18  |m A14804388083 
952 f f |p ric  |a Texas A&M University  |b Rellis Campus  |c Joint Library Facility  |s JLF  |d Remote Storage  |t 0  |e Q115 .S56  |h Library of Congress classification  |i unmediated -- volume  |k v.17  |m A14804388075 
952 f f |p ric  |a Texas A&M University  |b Rellis Campus  |c Joint Library Facility  |s JLF  |d Remote Storage  |t 0  |e Q115 .S56  |h Library of Congress classification  |i unmediated -- volume  |k v.30:pt.3  |m A14809741838 
952 f f |p ric  |a Texas A&M University  |b Rellis Campus  |c Joint Library Facility  |s JLF  |d Remote Storage  |t 0  |e Q115 .S56  |h Library of Congress classification  |i unmediated -- volume  |k v.13:pt.1-v.13:pt.3  |m A14806198248 
952 f f |p ric  |a Texas A&M University  |b Rellis Campus  |c Joint Library Facility  |s JLF  |d Remote Storage  |t 0  |e Q115 .S56  |h Library of Congress classification  |i unmediated -- volume  |k v.25  |m A14804388156 
952 f f |p ric  |a Texas A&M University  |b Rellis Campus  |c Joint Library Facility  |s JLF  |d Remote Storage  |t 0  |e Q115 .S56  |h Library of Congress classification  |i unmediated -- volume  |k v.13:pt.4-v.13:pt.5  |m A14806198256 
952 f f |p ric  |a Texas A&M University  |b Rellis Campus  |c Joint Library Facility  |s JLF  |d Remote Storage  |t 0  |e Q115 .S56  |h Library of Congress classification  |i unmediated -- volume  |k v.8  |m A14804387922 
952 f f |p ric  |a Texas A&M University  |b Rellis Campus  |c Joint Library Facility  |s JLF  |d Remote Storage  |t 0  |e Q115 .S56  |h Library of Congress classification  |i unmediated -- volume  |k v.5  |m A14804387891 
952 f f |p ric  |a Texas A&M University  |b Rellis Campus  |c Joint Library Facility  |s JLF  |d Remote Storage  |t 0  |e Q115 .S56  |h Library of Congress classification  |i unmediated -- volume  |k v.4:pt.1-v.4:pt.3  |m A14806198141 
952 f f |p ric  |a Texas A&M University  |b Rellis Campus  |c Joint Library Facility  |s JLF  |d Remote Storage  |t 0  |e Q115 .S56  |h Library of Congress classification  |i unmediated -- volume  |k v.31  |m A14804388245 
952 f f |p ric  |a Texas A&M University  |b Rellis Campus  |c Joint Library Facility  |s JLF  |d Remote Storage  |t 0  |e Q115 .S56  |h Library of Congress classification  |i unmediated -- volume  |k v.38  |m A14804388318 
952 f f |p ric  |a Texas A&M University  |b Rellis Campus  |c Joint Library Facility  |s JLF  |d Remote Storage  |t 0  |e Q115 .S56  |h Library of Congress classification  |i unmediated -- volume  |k v.22  |m A14804388122 
952 f f |p ric  |a Texas A&M University  |b Rellis Campus  |c Joint Library Facility  |s JLF  |d Remote Storage  |t 0  |e Q115 .S56  |h Library of Congress classification  |i unmediated -- volume  |k v.12  |m A14804388017 
952 f f |p ric  |a Texas A&M University  |b Rellis Campus  |c Joint Library Facility  |s JLF  |d Remote Storage  |t 0  |e Q115 .S56  |h Library of Congress classification  |i unmediated -- volume  |k v.11:pt.1-v.11:pt.2  |m A14806198222 
952 f f |p ric  |a Texas A&M University  |b Rellis Campus  |c Joint Library Facility  |s JLF  |d Remote Storage  |t 0  |e Q115 .S56  |h Library of Congress classification  |i unmediated -- volume  |k v.9  |m A14804387930 
952 f f |p ric  |a Texas A&M University  |b Rellis Campus  |c Joint Library Facility  |s JLF  |d Remote Storage  |t 0  |e Q115 .S56  |h Library of Congress classification  |i unmediated -- volume  |k v.1  |m A14804387825 
952 f f |p ric  |a Texas A&M University  |b Rellis Campus  |c Joint Library Facility  |s JLF  |d Remote Storage  |t 0  |e Q115 .S56  |h Library of Congress classification  |i unmediated -- volume  |k v.39  |m A14804388326 
952 f f |p ric  |a Texas A&M University  |b Rellis Campus  |c Joint Library Facility  |s JLF  |d Remote Storage  |t 0  |e Q115 .S56  |h Library of Congress classification  |i unmediated -- volume  |k v.19  |m A14804388091 
952 f f |p ric  |a Texas A&M University  |b Rellis Campus  |c Joint Library Facility  |s JLF  |d Remote Storage  |t 0  |e Q115 .S56  |h Library of Congress classification  |i unmediated -- volume  |k v.24  |m A14804388148 
952 f f |p ric  |a Texas A&M University  |b Rellis Campus  |c Joint Library Facility  |s JLF  |d Remote Storage  |t 0  |e Q115 .S56  |h Library of Congress classification  |i unmediated -- volume  |k v.26  |m A14804388164 
952 f f |p ric  |a Texas A&M University  |b Rellis Campus  |c Joint Library Facility  |s JLF  |d Remote Storage  |t 0  |e Q115 .S56  |h Library of Congress classification  |i unmediated -- volume  |k v.23  |m A14804388130 
952 f f |p ric  |a Texas A&M University  |b Rellis Campus  |c Joint Library Facility  |s JLF  |d Remote Storage  |t 0  |e Q115 .S56  |h Library of Congress classification  |i unmediated -- volume  |k v.21  |m A14804388114 
952 f f |p ric  |a Texas A&M University  |b Rellis Campus  |c Joint Library Facility  |s JLF  |d Remote Storage  |t 0  |e Q115 .S56  |h Library of Congress classification  |i unmediated -- volume  |k v.36  |m A14804388295 
952 f f |p ric  |a Texas A&M University  |b Rellis Campus  |c Joint Library Facility  |s JLF  |d Remote Storage  |t 0  |e Q115 .S56  |h Library of Congress classification  |i unmediated -- volume  |k v.34  |m A14804388279 
952 f f |p ric  |a Texas A&M University  |b Rellis Campus  |c Joint Library Facility  |s JLF  |d Remote Storage  |t 0  |e Q115 .S56  |h Library of Congress classification  |i unmediated -- volume  |k v.37  |m A14804388300 
952 f f |p normal  |a Texas A&M University  |b College Station  |c Sterling C. Evans Library  |s Evans stk  |d Evans: Library Stacks  |t 0  |e Q115 .S56  |h Library of Congress classification  |i unmediated -- volume  |k v.33  |m A14806198450 
952 f f |p ric  |a Texas A&M University  |b Rellis Campus  |c Joint Library Facility  |s JLF  |d Remote Storage  |t 0  |e Q115 .S56  |h Library of Congress classification  |i unmediated -- volume  |k v.29  |m A14804388198 
952 f f |p ric  |a Texas A&M University  |b Rellis Campus  |c Joint Library Facility  |s JLF  |d Remote Storage  |t 0  |e Q115 .S56  |h Library of Congress classification  |i unmediated -- volume  |k v.35  |m A14804388287 
952 f f |p ric  |a Texas A&M University  |b Rellis Campus  |c Joint Library Facility  |s JLF  |d Remote Storage  |t 0  |e Q115 .S56  |h Library of Congress classification  |i unmediated -- volume  |k v.2  |m A14804387833 
952 f f |p ric  |a Texas A&M University  |b Rellis Campus  |c Joint Library Facility  |s JLF  |d Remote Storage  |t 0  |e Q115 .S56  |h Library of Congress classification  |i unmediated -- volume  |k v.28  |m A14804388180 
952 f f |p ric  |a Texas A&M University  |b Rellis Campus  |c Joint Library Facility  |s JLF  |d Remote Storage  |t 0  |e Q115 .S56  |h Library of Congress classification  |i unmediated -- volume  |k v.10:pt.1-v.10:pt.5  |m A14806198214 
952 f f |p ric  |a Texas A&M University  |b Rellis Campus  |c Joint Library Facility  |s JLF  |d Remote Storage  |t 0  |e Q115 .S56  |h Library of Congress classification  |i unmediated -- volume  |k v.16  |m A14804388067 
952 f f |p ric  |a Texas A&M University  |b Rellis Campus  |c Joint Library Facility  |s JLF  |d Remote Storage  |t 0  |e Q115 .S56  |h Library of Congress classification  |i unmediated -- volume  |k v.6  |m A14804387906 
998 f f |a Q115 .S56  |s v.33-39  |t 0  |l Evans: Library Stacks 
998 f f |a Q115 .S56  |s v.1-39  |t 0  |l Remote Storage